Biodiversidad de Chile: patrimonio y desafíos
Đã lưu trong:
| Tác giả của công ty: | |
|---|---|
| Định dạng: | Sách |
| Ngôn ngữ: | Tiếng Tây Ban Nha |
| Được phát hành: |
Santiago
Ministerio del Medio Ambiente
2018
|
| Phiên bản: | Tercera edición |
| Những chủ đề: | |
| Các nhãn: |
Thêm thẻ
Không có thẻ, Là người đầu tiên thẻ bản ghi này!
|
MARC
| LEADER | 00000cam a2200000 a 4500 | ||
|---|---|---|---|
| 001 | UCC8647 | ||
| 003 | CL-VaPUC | ||
| 005 | 20241217105906.0 | ||
| 008 | 190802e20180000cl |||||||||||||||||spa|d | ||
| 999 | |c 374916 |d 374914 | ||
| 040 | |c Pontificia Universidad Católica de Valparaíso | ||
| 082 | 0 | 4 | |a 333.95 MIN 2018 |2 21 |
| 110 | 2 | |a Ministerio del Medio Ambiente |9 603351 | |
| 245 | 1 | 0 | |a Biodiversidad de Chile: patrimonio y desafíos |
| 250 | |a Tercera edición | ||
| 260 | |a Santiago |b Ministerio del Medio Ambiente |c 2018 | ||
| 300 | |a 2 t | ||
| 583 | |a last modification |c 20190802 10:24:00 |k Rodrigo Vera | ||
| 650 | 0 | |a Recursos naturales |9 255232 | |
| 650 | 0 | |a Protección del medio ambiente |9 257626 | |
| 650 | 0 | |a Gestión ambiental |9 338121 | |
| 650 | 0 | |a Desarrollo sustentable |9 333905 | |
| 650 | 0 | |a Flora y fauna |9 338564 | |
| 942 | |c BK |2 ddc | ||
| 945 | |d 20190802 10:24:00 |a dcastane | ||
| 952 | |0 0 |1 0 |2 ddc |3 erb |4 0 |6 333_950000000000000_MIN_2018 |7 0 |8 A |9 493687 |a BIBCUR |b BIBCUR |h t.1 |i 5594197 |l 1 |o 333.95 MIN 2018 |p 5594197 |r 2025-04-22 |s 2023-09-04 |t 1 |w 2019-11-24 |y BK |z Catalogado en:20190802 |k BIO | ||
| 952 | |0 0 |1 0 |2 ddc |3 erb |4 0 |6 333_950000000000000_MIN_2018 |7 0 |8 A |9 493688 |a BIBCUR |b BIBCUR |h t.2 |i 5594200 |l 1 |o 333.95 MIN 2018 |p 5594200 |r 2025-04-22 |s 2023-09-04 |t 1 |w 2019-11-24 |y BK |z Catalogado en:20190802 |k BIO | ||